ড. এ. এন. সামসুল হক জীবন ও কর্ম / (Record no. 64770)
[ view plain ]
| 000 -LEADER | |
|---|---|
| fixed length control field | 01012nam a2200229 a 4500 |
| 001 - CONTROL NUMBER | |
| control field | 64770 |
| 003 - CONTROL NUMBER IDENTIFIER | |
| rucl marc code | BD-RjUL |
| 005 - DATE AND TIME OF LATEST TRANSACTION | |
| control field | 20211209081341.0 |
| 008 - FIXED-LENGTH DATA ELEMENTS--GENERAL INFORMATION | |
| fixed length control field | 170220s2004 bg ||||| |||| 00| 0 eng d |
| 020 ## - INTERNATIONAL STANDARD BOOK NUMBER | |
| Terms of availability | Tk. 100.00 |
| 035 ## - SYSTEM CONTROL NUMBER | |
| System control number | (BD-RjUL)64900 |
| 040 ## - CATALOGING SOURCE | |
| Original cataloging agency | BD-RjUL |
| Language of cataloging | ben/eng |
| Transcribing agency | BD-RjUL |
| Modifying agency | BD-RjUL |
| 041 ## - LANGUAGE CODE | |
| Language code of text/sound track or separate title | ben |
| 082 ## - DEWEY DECIMAL CLASSIFICATION NUMBER | |
| Edition number | 23 |
| Classification number | 370.92 |
| Author mark and year | DRA 2004 |
| 245 00 - TITLE STATEMENT | |
| Title | ড. এ. এন. সামসুল হক জীবন ও কর্ম / |
| Statement of responsibility, etc. | মো. মকসুদুর রহমান সম্পাদিত |
| 260 ## - PUBLICATION, DISTRIBUTION, ETC. (IMPRINT) | |
| Place of publication, distribution, etc. | রাজশাহী : |
| Name of publisher, distributor, etc. | রাষ্ট্রবিজ্ঞান বিভাগ, রাজশাহী বিশ্ববিদ্যালয়, |
| Date of publication, distribution, etc. | ২০০৪ . |
| 300 ## - PHYSICAL DESCRIPTION | |
| Pagination | [১৮], x, ১৯১ পৃ. : |
| Illustrations | চিত্র ; |
| Size | ২৩ সেমি. |
| 650 ## - SUBJECT ADDED ENTRY--TOPICAL TERM | |
| Topical term or geographic name as entry element | শিক্ষাবিদ |
| Form subdivision | জীবনী |
| 9 (RLIN) | 192034 |
| Topical term or geographic name as entry element | Educators |
| Form subdivision | Biography |
| 9 (RLIN) | 192035 |
| 700 ## - ADDED ENTRY--PERSONAL NAME | |
| Personal name | রহমান, মো. মকসুদুর, সম্পাদক |
| 942 ## - ADDED ENTRY ELEMENTS (KOHA) | |
| Source of classification or shelving scheme | Dewey Decimal Classification |
| Koha item type | Books |
| Lost status | Source of classification or shelving scheme | Damaged status | Not for loan | Collection code | Permanent Location | Current Location | Shelving location | Date acquired | Cost, normal purchase price | Total Checkouts | Full call number | Date last seen | Copy number | Koha item type | Source of acquisition |
|---|---|---|---|---|---|---|---|---|---|---|---|---|---|---|---|
| Dewey Decimal Classification | Not For Loan | Non-fiction | Central Library, University of Rajshahi | Central Library, University of Rajshahi | Reading Room | 30/07/2005 | 100.00 | B 370.92 DRA 2004 | 20/02/2017 | C-1 | Books | ||||
| Dewey Decimal Classification | Non-fiction | Central Library, University of Rajshahi | Central Library, University of Rajshahi | 25/01/2006 | 100.00 | B 370.92 DRA 2004 | 07/12/2019 | C-2 | Books | The Editor | |||||
| Dewey Decimal Classification | Non-fiction | Central Library, University of Rajshahi | Central Library, University of Rajshahi | 25/01/2006 | 100.00 | B 370.92 DRA 2004 | 07/12/2019 | C-3 | Books | The Editor | |||||
| Dewey Decimal Classification | Non-fiction | Central Library, University of Rajshahi | Central Library, University of Rajshahi | 25/01/2006 | 100.00 | B 370.92 DRA 2004 | 07/12/2019 | C-4 | Books | The Editor | |||||
| Dewey Decimal Classification | Non-fiction | Central Library, University of Rajshahi | Central Library, University of Rajshahi | 25/01/2006 | 100.00 | B 370.92 DRA 2004 | 07/12/2019 | C-5 | Books | The Editor | |||||
| Dewey Decimal Classification | Non-fiction | Central Library, University of Rajshahi | Central Library, University of Rajshahi | 30/07/2005 | 100.00 | B 370.92 DRA 2004 | 07/12/2019 | C-6 | Books | The Editor |